000 00845nam a2200193 a 4500
001 1764838960582
003 ACL
005 20251204143417.0
008 251204s1976##################000#0#eng##
082 0 4 _a372.42
_bVAS
100 1 _aவாசுதேவ ராவ், டி. என். Vācutēva rāv, ṭi. Eṉ.,
_eauthor.
245 1 0 _aஇங்கிலாந்தின் அரசியலமைப்பு வரலாறு - Iṅkilāntiṉ araciyalamaippu varalāṟu 1 கி.பி. 1603 முதல் மேல் பட்டப்படிப்பிற்குரியது ஆசிரியர் டி.என். வாசுதேவராவ் :
260 _c1976.
300 _a[iv], 384 p.
500 _aIncludes glossary
650 0 _aவரலாறு.
942 _cREF
040 _aACL
_beng
_cACL
999 _c600083
_d600083